| 000 | 00835cai a22001575a 4500 | ||
|---|---|---|---|
| 001 | L157443 | ||
| 008 | 121130u2012 xxk g 000 0 eng d | ||
| 035 | _a(Sirsi) u157443 | ||
| 041 | 0 | _aeng | |
| 110 | 2 |
_aEnglish Heritage _92714 |
|
| 245 | 0 | 2 | _aA guide to heritage protection in England |
| 520 | _aWebsite provides a comprehensive guide to heritage protection in England. Gives a guide to the law, policy and guidance that protects the heritage in listed buildings, conservation areas, scheduled monuments, registered parks, World Heritage Sites, non-designated archaeological sites, local listed buildings and other heritage assets. | ||
| 690 | _aConservation and restoration | ||
| 856 | 4 | 0 |
_uhttps://www.english-heritage.org.uk/professional/advice/hpg/ _zView the website free of charge at www.english-heritage.org.uk |
| 942 | _n0 | ||
| 999 |
_c120992 _d120992 |
||